La propiedad en garantía: prohibición del pacto comisorio

Uloženo v:
Podrobná bibliografie
Hlavní autor: Durán Rivacoba, Ramón (Autor)
Médium: Kniha
Jazyk:španělština
Vydáno: Pamplona Aranzadi 1998
Edice:Aranzadi Derecho Civil, 28
Témata:
Tagy: Přidat tag
Žádné tagy, Buďte první, kdo vytvoří štítek k tomuto záznamu!

MARC

LEADER 00000nam a2200000 a 4500
001 UCG6113
003 CL-VaPUC
008 110407e19980000SP |||||||||||||||||spa|d
020 |a 8481939196 
082 0 4 |a 346.059  |b DUR  |2 21 
100 0 |a Durán Rivacoba, Ramón  |e author  |9 556118 
245 1 3 |a La propiedad en garantía: prohibición del pacto comisorio 
300 |a 330 p 
942 |c BK 
945 |d 20110407 00:00:00  |a dcastane 
260 |a Pamplona  |b Aranzadi  |c 1998 
650 0 |a Derecho contractual  |9 373875 
650 0 |a Propiedades  |9 316623 
650 0 |a Garantías  |9 385837 
650 0 |a Derecho comparado  |9 255664 
650 7 |a PACTO COMISORIO  |2 CL-VaPUC  |9 556119 
583 |a last modification  |c 20161102 12:53:47  |k Rodrigo Vera 
490 0 |a Aranzadi Derecho Civil, 28 
999 |c 344400  |d 344398 
952 |0 0  |1 0  |4 0  |6 346_059000000000000_DUR_1998  |7 0  |8 A  |9 442349  |a BIBDER  |b BIBDER  |d 2019-11-22  |i 4762908  |o 346.059 DUR 1998  |p 4762908  |r 2023-01-25  |w 2019-11-22  |y BK  |k DER